| 000 | 00725cab a2200241 4500 | ||
|---|---|---|---|
| 001 | WB3411-18 | ||
| 008 | 090401t1998 xxu||||| |||| 00| 0 eng d | ||
| 035 | _a(Sirsi) u85017 | ||
| 041 | _aeng | ||
| 245 | _aUrban sprawl | ||
| 260 | _c1998 | ||
| 350 | _a0 | ||
| 490 |
_aFinancial Times _v17 March 1998, 10(1) |
||
| 520 | _aThe CPRE calls on government to strengthen its commitment to existing green belt and to create new green belt areas. Details areas the CPRE claims are under threat. | ||
| 650 | _aCPRE | ||
| 650 | _aGREEN BELT DEVELOPMENT | ||
| 650 | _aGREEN BELT POLICY | ||
| 650 | _aGREEN BELT | ||
| 650 | _aURBAN POLICY | ||
| 690 | _aPROPERTY-PROPERTY DEVELOPMENT | ||
| 942 | _n0 | ||
| 948 | _c18/03/1998 | ||
| 999 |
_c53442 _d53442 |
||